[Event "XXV Miedzynarodowy Turniej im. Tadeusza "]
[Site "Police"]
[Date "2010.07.13"]
[Round "7.11"]
[White "Pawlicz, Adam"]
[Black "Kula, Robert"]
[Result "0-1"]
[WhiteElo "2039"]
[BlackElo "2368"]
[PlyCount "85"]
[EventDate "2010.??.??"]

1. Nf3 d5 2. d4 Nf6 3. c4 c6 4. Nc3 dxc4 5. a4 Bf5 6. e3 e6 7. Bxc4 Nbd7 8. O-O
Bb4 9. Qb3 Qb6 10. Bd2 Be7 11. a5 Qxb3 12. Bxb3 a6 13. Rfc1 O-O 14. Bc2 Bxc2
15. Rxc2 Rfd8 16. Ne1 e5 17. Nf3 exd4 18. Nxd4 Nc5 19. Na4 Nxa4 20. Rxa4 Rd5
21. Nf3 Rad8 22. Kf1 Rb5 23. Ke2 h6 24. h3 g6 25. g3 Rd7 26. h4 h5 27. Be1 Bd8
28. Bd2 Bc7 29. Be1 Re7 30. Rb4 Rxb4 31. Bxb4 Re4 32. Nd4 Re5 33. f4 Rd5 34.
Be7 Ne4 35. Kf3 f5 36. b4 Kf7 37. Bg5 Bb8 38. b5 c5 39. bxa6 cxd4 40. exd4 bxa6
41. Rc8 Rb5 42. Bd8 Rb3+ 43. Kg2 0-1

[Event "XXV Miedzynarodowy Turniej im. Tadeusza "]
[Site "Police"]
[Date "2010.07.13"]
[Round "7.12"]
[White "Sopur, Lech"]
[Black "Jacek, Roksana"]
[Result "1-0"]
[WhiteElo "2419"]
[BlackElo "1702"]
[PlyCount "93"]
[EventDate "2010.??.??"]

1. d4 Nf6 2. Bg5 d5 3. Bxf6 exf6 4. c4 Be6 5. Nc3 c6 6. cxd5 cxd5 7. e3 Be7 8.
Qb3 Qd7 9. Nge2 Nc6 10. Nf4 Rd8 11. Be2 O-O 12. Bf3 Na5 13. Qb5 Nc4 14. Nfxd5
Bxd5 15. Qxd5 Nxb2 16. O-O Bb4 17. Qb3 Bxc3 18. Qxc3 Na4 19. Qa5 b5 20. h3 Rc8
21. Rab1 Nc3 22. Rb3 Qc7 23. Qa6 f5 24. Kh1 Qe7 25. Rc1 b4 26. a3 Qe6 27. Qxe6
fxe6 28. axb4 Ne4 29. Rxc8 Rxc8 30. Bxe4 fxe4 31. Ra3 Rc2 32. Kg1 Rb2 33. Rxa7
Rxb4 34. Ra5 Kf7 35. Re5 Kf6 36. Rxe4 Rb5 37. h4 Ra5 38. g4 g5 39. hxg5+ Rxg5
40. Kg2 h5 41. Rf4+ Ke7 42. Kf3 h4 43. Kg2 Rg8 44. Kh3 Rh8 45. g5 Rh5 46. Rg4
Kf7 47. f4 1-0

[Event "XXV Miedzynarodowy Turniej im. Tadeusza "]
[Site "Police"]
[Date "2010.07.13"]
[Round "7.13"]
[White "Kostyra, Mariusz"]
[Black "Jacek, Krystian"]
[Result "0-1"]
[WhiteElo "2181"]
[BlackElo "2055"]
[PlyCount "58"]
[EventDate "2010.??.??"]

1. Nf3 c5 2. g3 Nc6 3. Bg2 g6 4. O-O Bg7 5. d3 d6 6. e4 Rb8 7. Ne1 e6 8. f4
Nge7 9. c3 b5 10. Be3 b4 11. d4 bxc3 12. bxc3 cxd4 13. cxd4 d5 14. e5 Nf5 15.
Nc2 Nxe3 16. Nxe3 Qa5 17. Rf2 O-O 18. Nc2 Rb2 19. a3 Ba6 20. Nd2 Rfb8 21. Nf3
R8b3 22. Nce1 Qb6 23. Rxb2 Rxb2 24. Nd3 Bxd3 25. Qxd3 Rxg2+ 26. Kxg2 Qb2+ 27.
Kh3 Qxa1 28. Qa6 Nxd4 29. Ng5 h6 0-1

[Event "XXV Miedzynarodowy Turniej im. Tadeusza "]
[Site "Police"]
[Date "2010.07.13"]
[Round "7.14"]
[White "Bieluszewski, Piotr"]
[Black "Radwan, Leszek"]
[Result "1-0"]
[WhiteElo "2173"]
[BlackElo "2138"]
[PlyCount "37"]
[EventDate "2010.??.??"]

1. e4 c5 2. Nf3 d6 3. d4 cxd4 4. Nxd4 Nf6 5. Nc3 a6 6. Be3 e6 7. f4 Be7 8. Bd3
Qc7 9. Qf3 Nbd7 10. O-O-O Nc5 11. Kb1 b5 12. Bxb5+ axb5 13. Ndxb5 Qb8 14. e5
Bb7 15. Qg3 dxe5 16. Bxc5 Bxc5 17. Qxg7 Rg8 18. Qxf6 Be7 19. Qxe5 1-0

[Event "XXV Miedzynarodowy Turniej im. Tadeusza "]
[Site "Police"]
[Date "2010.07.13"]
[Round "7.15"]
[White "Aglave, Arnaud"]
[Black "Buczak, Krzysztof"]
[Result "1/2-1/2"]
[WhiteElo "2086"]
[BlackElo "2153"]
[PlyCount "74"]
[EventDate "2010.??.??"]

1. c4 Nf6 2. g3 e6 3. Bg2 a6 4. Nc3 d5 5. cxd5 exd5 6. d4 Bd6 7. Bg5 c6 8. Nf3
Bf5 9. Qb3 b5 10. O-O O-O 11. e4 dxe4 12. Nd2 Be7 13. Ndxe4 Ra7 14. Nxf6+ Bxf6
15. Bxf6 Qxf6 16. Rfd1 Be6 17. d5 cxd5 18. Nxd5 Bxd5 19. Rxd5 Rd8 20. Rc1 g6
21. Qc3 Qe7 22. Re1 Qf8 23. Rde5 b4 24. Qb3 Rad7 25. h4 h5 26. Be4 Kg7 27. Qe3
Rd1 28. Rxd1 Rxd1+ 29. Kg2 Rd6 30. Bf3 Rf6 31. Qd4 Qd6 32. Rd5 Qe6 33. Qc5 Nc6
34. Rd3 a5 35. Re3 Qd6 36. Qb6 Nd4 37. Qxd6 Rxd6 1/2-1/2

[Event "XXV Miedzynarodowy Turniej im. Tadeusza "]
[Site "Police"]
[Date "2010.07.13"]
[Round "7.16"]
[White "Korbal, Arkadiusz"]
[Black "Olenderek, Tomasz"]
[Result "1-0"]
[WhiteElo "2016"]
[BlackElo "2146"]
[PlyCount "157"]
[EventDate "2010.??.??"]

1. e4 c5 2. Nf3 Nf6 3. Nc3 Nc6 4. d4 d5 5. exd5 Nxd5 6. Bc4 Nxc3 7. bxc3 e6 8.
O-O Be7 9. Bf4 O-O 10. Qe2 Qa5 11. Qe3 Bd7 12. Rab1 b6 13. Rfd1 Rad8 14. Rd3
Rfe8 15. Qe4 cxd4 16. cxd4 Qh5 17. Ne5 Nxe5 18. Bxe5 Ba4 19. Re3 Bf8 20. Bd3
Rc8 21. Rh3 f5 22. Qf4 Qg4 23. Qd2 Bc6 24. f3 Qg6 25. g4 h5 26. Rxh5 Bxf3 27.
Rg5 Qh6 28. gxf5 exf5 29. Bxf5 Rxe5 30. dxe5 Bc5+ 31. Kf1 Rf8 32. Qf4 Be7 33.
Rb3 Bd5 34. Rxg7+ Qxg7 35. Rg3 Rf7 36. e6 Bc4+ 37. Kg2 Bd5+ 38. Kh3 Qxg3+ 39.
Qxg3+ Rg7 40. Qb8+ Bf8 41. a3 Bg2+ 42. Kh4 Bf3 43. h3 a5 44. Bg4 Be4 45. c3 Rb7
46. Qc8 Kg7 47. Qc4 Be7+ 48. Kg3 Bd6+ 49. Kf2 Bc5+ 50. Kg3 Bd6+ 51. Kf2 Bc5+
52. Ke2 Bc6 53. Bf3 Bxf3+ 54. Kxf3 Re7 55. Ke4 Bxa3 56. Kf5 Bc5 57. h4 Re8 58.
Qg4+ Kf8 59. Qg5 Re7 60. h5 a4 61. h6 a3 62. Qg2 Ra7 63. h7 Rxh7 64. Qa8+ Kg7
65. Qg2+ Kf8 66. Qa8+ Kg7 67. Qe8 Rh1 68. Qg6+ Kh8 69. Qe8+ Kg7 70. Qd7+ Kh6
71. e7 Rf1+ 72. Kg4 Rg1+ 73. Kf3 Rf1+ 74. Kg2 Rg1+ 75. Kh2 a2 76. Qe6+ Kg5 77.
Qxa2 Re1 78. Qg8+ Kh4 79. Qg3+ 1-0

[Event "XXV Miedzynarodowy Turniej im. Tadeusza "]
[Site "Police"]
[Date "2010.07.13"]
[Round "7.17"]
[White "Oleniak, Wlodzimierz"]
[Black "Krasowski, Slawomir"]
[Result "1/2-1/2"]
[WhiteElo "1848"]
[BlackElo "1995"]
[PlyCount "26"]
[EventDate "2010.??.??"]

1. d4 d5 2. c4 e6 3. Nc3 Nf6 4. Nf3 Be7 5. Bf4 O-O 6. e3 a6 7. Be2 dxc4 8. Bxc4
b5 9. Bb3 c5 10. dxc5 Bxc5 11. O-O Bb7 12. Ne5 Nc6 13. Rc1 Rc8 1/2-1/2

[Event "XXV Miedzynarodowy Turniej im. Tadeusza "]
[Site "Police"]
[Date "2010.07.13"]
[Round "7.18"]
[White "Metelski, Jerzy"]
[Black "Zschaebitz, Klaus"]
[Result "1/2-1/2"]
[WhiteElo "1824"]
[BlackElo "2084"]
[PlyCount "78"]
[EventDate "2010.??.??"]

1. e4 g6 2. d4 Bg7 3. f4 d6 4. Nc3 b6 5. Be3 Nd7 6. Nf3 e6 7. Bd3 Ne7 8. O-O a6
9. Qd2 Nf6 10. h3 c5 11. Rae1 Bb7 12. f5 gxf5 13. exf5 cxd4 14. Nxd4 e5 15. Bh6
Bxh6 16. Qxh6 Ned5 17. Ne4 Nxe4 18. Bxe4 Qc7 19. c4 Qxc4 20. Ne6 fxe6 21. Qxe6+
Kf8 22. Qxd6+ Kg8 23. Qxe5 Qc5+ 24. Kh1 Rf8 25. Rf3 Ne7 26. Qe6+ Rf7 27. Bxb7
h5 28. Rg3+ Kf8 29. Rd1 Qc7 30. Bd5 Nxd5 31. Rxd5 Qxg3 32. Rd8+ Kg7 33. Rxh8
Kxh8 34. Qxf7 Qe1+ 35. Kh2 Qe5+ 36. Kg1 Qe1+ 37. Kh2 Qe5+ 38. g3 Qe2+ 39. Kg1
Qe1+ 1/2-1/2

[Event "XXV Miedzynarodowy Turniej im. Tadeusza "]
[Site "Police"]
[Date "2010.07.13"]
[Round "7.19"]
[White "Leszner, Liliana"]
[Black "Maliszewski, Jaroslaw"]
[Result "1-0"]
[WhiteElo "2137"]
[BlackElo "1871"]
[PlyCount "95"]
[EventDate "2010.??.??"]

1. e4 c5 2. Nc3 Nc6 3. g3 g6 4. d3 Bg7 5. Bg2 d6 6. Be3 Nf6 7. h3 Be6 8. Nge2
Qd7 9. Qd2 h5 10. Nf4 Nd4 11. Nxe6 Nxe6 12. Ne2 Qb5 13. c3 Nd7 14. f4 f5 15. a4
Qa6 16. O-O h4 17. exf5 gxf5 18. gxh4 O-O-O 19. Ra2 Rxh4 20. Bf2 Rh6 21. Ng3
Rf8 22. b4 Rg6 23. a5 cxb4 24. cxb4 Nd4 25. Qc3+ Nc6 26. Qc2 Ndb8 27. Rb1 Qb5
28. Kh2 Kd7 29. Qc4 Qxc4 30. dxc4 Bc3 31. b5 Nb4 32. Ra3 Bd2 33. Ne2 Nc2 34.
Ra2 Be3 35. Rxc2 Bxf2 36. Bxb7 Bc5 37. Nc3 Kc7 38. Bf3 e6 39. Re2 Nd7 40. Na4
Bd4 41. Rd1 Bh8 42. Bc6 Nf6 43. Red2 Rd8 44. Bf3 Bg7 45. b6+ axb6 46. axb6+ Kb8
47. Rxd6 Rc8 48. b7 1-0

[Event "XXV Miedzynarodowy Turniej im. Tadeusza "]
[Site "Police"]
[Date "2010.07.14"]
[Round "8.1"]
[White "Shishkin, Vadim"]
[Black "Stern, Rene"]
[Result "1/2-1/2"]
[WhiteElo "2471"]
[BlackElo "2490"]
[PlyCount "83"]
[EventDate "2010.??.??"]

1. d4 Nf6 2. c4 e6 3. Nc3 d5 4. cxd5 exd5 5. Bg5 Be7 6. e3 c6 7. Bd3 Nbd7 8.
Qc2 O-O 9. Nge2 Re8 10. O-O Nf8 11. Rae1 Nh5 12. Bxe7 Qxe7 13. Qd2 Qg5 14. f4
Qh4 15. f5 Bd7 16. Nf4 Nf6 17. Rf3 Ne4 18. Bxe4 dxe4 19. Rh3 Qg5 20. Rf1 Rad8
21. Rh5 Qe7 22. Nfe2 Qb4 23. Rh4 c5 24. a3 Qa5 25. Rxe4 Rxe4 26. Nxe4 Qxd2 27.
Nxd2 Bb5 28. Re1 Bxe2 29. Rxe2 cxd4 30. exd4 Rxd4 31. Nf3 Rd7 32. Kf2 f6 33.
Rd2 Rc7 34. Nd4 a6 35. Rc2 Rd7 36. Ke3 Kf7 37. Rc8 Re7+ 38. Kd2 g6 39. b4 gxf5
40. Nxf5 Rd7+ 41. Ke3 Ng6 42. h3 1/2-1/2

[Event "XXV Miedzynarodowy Turniej im. Tadeusza "]
[Site "Police"]
[Date "2010.07.14"]
[Round "8.2"]
[White "Urban, Klaudiusz"]
[Black "Grabarczyk, Miroslaw"]
[Result "1/2-1/2"]
[WhiteElo "2478"]
[BlackElo "2456"]
[PlyCount "35"]
[EventDate "2010.??.??"]

1. d4 d5 2. c4 e6 3. Nc3 Nf6 4. Bg5 Be7 5. e3 h6 6. Bh4 O-O 7. Rc1 Nbd7 8. Nf3
dxc4 9. Bxc4 c5 10. O-O a6 11. Be2 b6 12. dxc5 Nxc5 13. Nd4 Bb7 14. Bf3 Nfe4
15. Nxe4 Nxe4 16. Nc6 Bxc6 17. Rxc6 Bxh4 18. Qxd8 1/2-1/2

[Event "XXV Miedzynarodowy Turniej im. Tadeusza "]
[Site "Police"]
[Date "2010.07.14"]
[Round "8.3"]
[White "Nguyen, Piotr"]
[Black "Malisauskas, Vidmantas"]
[Result "0-1"]
[WhiteElo "2372"]
[BlackElo "2516"]
[PlyCount "70"]
[EventDate "2010.??.??"]

1. d4 g6 2. c4 Bg7 3. e4 d6 4. Nc3 Nf6 5. Bd3 O-O 6. Nge2 e5 7. d5 c6 8. Bg5 h6
9. Bh4 cxd5 10. cxd5 Nbd7 11. Qd2 a6 12. f3 Nc5 13. Bc2 b5 14. b4 Ncd7 15. a4
bxa4 16. Bf2 Rb8 17. Nxa4 Ne8 18. O-O Bf6 19. g3 Bg5 20. f4 exf4 21. gxf4 Bf6
22. Ra3 Bg7 23. Nd4 Bb7 24. Nc6 Bxc6 25. dxc6 Ndf6 26. Rc1 Nc7 27. Bd3 Re8 28.
Ba7 Ra8 29. Bb6 Nxe4 30. Bxe4 Rxe4 31. Rd3 Qe7 32. Bxc7 Re2 33. Re3 Rxe3 34.
Bxd6 Qe4 35. Nc5 Re1+ 0-1

[Event "XXV Miedzynarodowy Turniej im. Tadeusza "]
[Site "Police"]
[Date "2010.07.14"]
[Round "8.4"]
[White "Manik, Mikulas"]
[Black "Tomczak, Jacek"]
[Result "0-1"]
[WhiteElo "2441"]
[BlackElo "2509"]
[PlyCount "82"]
[EventDate "2010.??.??"]

1. e4 g6 2. d4 Bg7 3. Nc3 d5 4. exd5 Nf6 5. Bc4 Nbd7 6. Bb3 Nb6 7. Qf3 Bg4 8.
Qg3 Bf5 9. Qf3 Bg4 10. Qg3 h5 11. h3 h4 12. Qf4 Bh6 13. Qh2 Bxc1 14. Rxc1 Bh5
15. Qe5 Qd7 16. Ne4 O-O-O 17. Nc5 Qb5 18. c4 Qa5+ 19. Rc3 Nbd7 20. Nxd7 Nxd7
21. Qe3 Rhe8 22. Qd2 e5 23. Re3 Qxd2+ 24. Kxd2 exd4 25. Rxe8 Rxe8 26. Ba4 g5
27. f3 d3 28. Rh2 Bg6 29. g3 hxg3 30. Rg2 Re5 31. Bxd7+ Kxd7 32. Rxg3 b5 33. b3
bxc4 34. bxc4 Kd6 35. Rg4 Kc5 36. f4 gxf4 37. Rxf4 Rg5 38. Nf3 Rg2+ 39. Kc3
Rc2+ 40. Kb3 Rf2 41. Kc3 d2 0-1

[Event "XXV Miedzynarodowy Turniej im. Tadeusza "]
[Site "Police"]
[Date "2010.07.14"]
[Round "8.5"]
[White "Ivanov, Mikhail M"]
[Black "Krivonosov, Oleg"]
[Result "1/2-1/2"]
[WhiteElo "2486"]
[BlackElo "2437"]
[PlyCount "54"]
[EventDate "2010.??.??"]

1. d4 d5 2. c4 e6 3. Nc3 Nf6 4. Nf3 Be7 5. Bf4 O-O 6. Qc2 c5 7. dxc5 Na6 8. Rd1
Nxc5 9. cxd5 exd5 10. e3 Be6 11. Be2 Rc8 12. O-O Nce4 13. Bd3 Qa5 14. Be5 Nxc3
15. Bxc3 Bb4 16. Bxb4 Qxb4 17. Qb1 Rc5 18. Nd4 Bd7 19. a3 Qb6 20. Rc1 Rfc8 21.
Rxc5 Rxc5 22. f3 h6 23. Rd1 Qd6 24. Re1 Qe5 25. Qd1 b6 26. Bb1 g6 27. Qd2 Kg7
1/2-1/2

[Event "XXV Miedzynarodowy Turniej im. Tadeusza "]
[Site "Police"]
[Date "2010.07.14"]
[Round "8.6"]
[White "Koziak, Vitali"]
[Black "Krysztofiak, Marcin"]
[Result "1/2-1/2"]
[WhiteElo "2470"]
[BlackElo "2436"]
[PlyCount "120"]
[EventDate "2010.??.??"]

1. e4 d6 2. d4 g6 3. Nc3 Bg7 4. Be3 a6 5. Qd2 b5 6. Bd3 Nd7 7. a4 b4 8. Nce2 c5
9. c3 bxc3 10. bxc3 e5 11. Nf3 cxd4 12. cxd4 Ngf6 13. Qb4 exd4 14. Bxd4 Nc5 15.
Rd1 a5 16. Bb5+ Bd7 17. Qa3 Bxb5 18. axb5 Ncxe4 19. O-O O-O 20. Ng3 Nxg3 21.
hxg3 Qd7 22. Qb2 Nh5 23. Bxg7 Nxg7 24. Ne5 Qb7 25. Rxd6 a4 26. Ra1 Ra5 27. b6
Qe7 28. Nc6 Qxd6 29. Nxa5 Ne6 30. Nc4 Qd5 31. Ne3 Qb3 32. Qxb3 axb3 33. Ra4 Nc5
34. Rb4 Rb8 35. Nc4 Kf8 36. Rb5 Nd7 37. b7 Ke7 38. Rxb3 Nc5 39. Rb5 Ne6 40. g4
Nd8 41. Na5 Kd7 42. g5 Kc7 43. Rc5+ Kd7 44. Rd5+ Kc7 45. Re5 Kd7 46. Re3 Nxb7
47. Nc4 Rf8 48. Ne5+ Kd6 49. Nc4+ Kd7 50. Rh3 Ke6 51. g4 Nc5 52. Rxh7 Ne4 53.
f4 Rc8 54. Ne5 Nxg5 55. fxg5 Kxe5 56. Kg2 Kf4 57. Rxf7+ Kxg4 58. Rf2 Kxg5 59.
Ra2 Rc5 60. Ra4 Kf5 1/2-1/2

[Event "XXV Miedzynarodowy Turniej im. Tadeusza "]
[Site "Police"]
[Date "2010.07.14"]
[Round "8.7"]
[White "Przedmojski, Rafal"]
[Black "Hnydiuk, Aleksander"]
[Result "0-1"]
[WhiteElo "2390"]
[BlackElo "2445"]
[PlyCount "85"]
[EventDate "2010.??.??"]

1. d4 d5 2. c4 c6 3. Nf3 Nf6 4. Qc2 dxc4 5. Qxc4 Bf5 6. Nc3 e6 7. g3 Nbd7 8.
Bg2 Be7 9. O-O O-O 10. e3 Ne4 11. Nd2 Nxd2 12. Bxd2 e5 13. e4 exd4 14. Qxd4 Be6
15. Qa4 Nc5 16. Qc2 Qd3 17. Qc1 Bf6 18. Be3 Qc4 19. Bxc5 Qxc5 20. Nd5 Qxc1 21.
Nxf6+ gxf6 22. Rfxc1 Rfd8 23. Rc2 Rd4 24. f4 Rad8 25. b3 Rd2 26. Rxd2 Rxd2 27.
f5 Bd7 28. Bf3 c5 29. Rd1 Rxd1+ 30. Bxd1 Bc6 31. Bf3 Kf8 32. Kf2 Ke7 33. Ke3
Kd6 34. Bh5 Ke5 35. Bxf7 Bxe4 36. g4 b5 37. a4 bxa4 38. bxa4 a5 39. Bb3 h6 40.
Bc4 Bc2 41. Bb5 Bb3 42. Kd3 Kf4 43. Kc3 0-1

[Event "XXV Miedzynarodowy Turniej im. Tadeusza "]
[Site "Police"]
[Date "2010.07.14"]
[Round "8.8"]
[White "Kula, Robert"]
[Black "Tokarczyk, Tomasz"]
[Result "0-1"]
[WhiteElo "2368"]
[BlackElo "2162"]
[PlyCount "102"]
[EventDate "2010.??.??"]

1. d4 d5 2. c4 Nc6 3. Nf3 Bg4 4. cxd5 Bxf3 5. dxc6 Bxc6 6. Nc3 e6 7. e4 Bb4 8.
f3 f5 9. e5 Ne7 10. Bc4 Bd5 11. Bb5+ c6 12. Be2 O-O 13. O-O Ba5 14. Bd3 Bb6 15.
Ne2 Qd7 16. Kh1 Ng6 17. b3 Rfd8 18. Ba3 c5 19. dxc5 Bc7 20. Rc1 Nxe5 21. Bc2
Qc6 22. Nd4 Qe8 23. Qe2 a6 24. Bb2 Ng6 25. Rce1 Nf4 26. Qf2 Qh5 27. g3 Nh3 28.
Qg2 Re8 29. Bd3 Rad8 30. Be2 e5 31. Nc2 Bc6 32. Nb4 Bb5 33. Bxb5 axb5 34. Qe2
Ba5 35. Bc3 Ng5 36. g4 fxg4 37. fxg4 Qg6 38. h4 Bxb4 39. Bxb4 Nh3 40. Qe4 Qh6
41. h5 Nf4 42. Bc3 Qg5 43. Re3 Qxg4 44. Qf3 Qh4+ 45. Kg1 Rf8 46. Bxe5 Qg5+ 47.
Kh1 Nxh5 48. Rg1 Rxf3 49. Rxg5 Rxe3 50. Rxh5 Rd5 51. Bf4 Re1+ 0-1

[Event "XXV Miedzynarodowy Turniej im. Tadeusza "]
[Site "Police"]
[Date "2010.07.14"]
[Round "8.9"]
[White "Maes, Wim"]
[Black "Okon, Dariusz"]
[Result "1/2-1/2"]
[WhiteElo "2232"]
[BlackElo "2192"]
[PlyCount "134"]
[EventDate "2010.??.??"]

1. g3 d5 2. Bg2 c6 3. Nf3 Bf5 4. O-O e6 5. d3 Nf6 6. b3 Nbd7 7. Bb2 h6 8. Nbd2
Be7 9. Re1 O-O 10. e4 Bh7 11. Qe2 a5 12. a4 Nc5 13. Ne5 Nfd7 14. Nxd7 Qxd7 15.
Rad1 Rfe8 16. Nf3 Qc7 17. exd5 cxd5 18. Nd4 Rac8 19. Qg4 Bf8 20. Re2 Qb6 21.
Nb5 Bf5 22. Qd4 Red8 23. Bc3 Rd7 24. h3 Qd8 25. Qf4 Na6 26. Bb2 Nb4 27. Nd4 Bg6
28. Qf3 Be7 29. c3 Na2 30. Nb5 d4 31. c4 Nb4 32. Ree1 Bf6 33. Qe2 Rc5 34. Be4
Bxe4 35. Qxe4 Re5 36. Qf3 Rxe1+ 37. Rxe1 e5 38. Bc1 Qb6 39. Qe2 Rd8 40. Ba3 Nc6
41. Qe4 g6 42. Bd6 Rc8 43. Qg4 Qd8 44. h4 h5 45. Qf3 Bg7 46. Kg2 Qd7 47. Ba3
Bf8 48. Bxf8 Rxf8 49. Qf6 Re8 50. Re2 Re6 51. Qf3 Kg7 52. Re1 Nb4 53. Rd1 f5
54. Qe2 Qc6+ 55. Kg1 Kf6 56. Re1 Kf7 57. Kh2 b6 58. Kg1 Na6 59. f4 exf4 60.
Qxe6+ Qxe6 61. Rxe6 Kxe6 62. Nxd4+ Kd6 63. gxf4 Nc5 64. Kf2 Nxd3+ 65. Ke3 Ne1
66. Kf2 Nd3+ 67. Ke3 Nc1 1/2-1/2

[Event "XXV Miedzynarodowy Turniej im. Tadeusza "]
[Site "Police"]
[Date "2010.07.14"]
[Round "8.11"]
[White "Graf, Pawel"]
[Black "Bieluszewski, Piotr"]
[Result "0-1"]
[WhiteElo "2137"]
[BlackElo "2173"]
[PlyCount "90"]
[EventDate "2010.??.??"]

1. e4 c5 2. Nc3 Nc6 3. f4 e6 4. Nf3 d5 5. d3 Nf6 6. Be2 Be7 7. O-O O-O 8. h3 b6
9. g4 dxe4 10. dxe4 Nd4 11. e5 Nxe2+ 12. Qxe2 Nd5 13. Bd2 Nxc3 14. Bxc3 a5 15.
Bd2 Ra7 16. Rfd1 Qc7 17. c4 Qc6 18. Kh2 Rd7 19. Bc3 Rfd8 20. Rxd7 Qxd7 21. g5
Bb7 22. Rg1 Bf8 23. h4 Qa4 24. Nd2 Qxa2 25. Ne4 Bxe4 26. Qxe4 Qa4 27. Rg2 g6
28. Re2 Qd1 29. Kg2 a4 30. Qc2 Qd7 31. Rd2 Qc6+ 32. Kg3 Rxd2 33. Bxd2 b5 34.
Be3 b4 35. Qd3 Qa8 36. Bc1 Qh1 37. Qc2 Qe1+ 38. Kh3 b3 39. Qb1 Qf1+ 40. Kg3
Qxc4 41. Be3 Qe2 42. Qc1 c4 43. Bd2 Bc5 44. h5 Bf2+ 45. Kh3 Qf3+ 0-1

[Event "XXV Miedzynarodowy Turniej im. Tadeusza "]
[Site "Police"]
[Date "2010.07.14"]
[Round "8.12"]
[White "Jacek, Krystian"]
[Black "Korbal, Arkadiusz"]
[Result "1/2-1/2"]
[WhiteElo "2055"]
[BlackElo "2016"]
[PlyCount "60"]
[EventDate "2010.??.??"]

1. e4 c5 2. Nf3 Nc6 3. d4 cxd4 4. Nxd4 g6 5. Nc3 Bg7 6. Be3 Nf6 7. Bc4 d6 8. f3
Qb6 9. Nf5 Qxb2 10. Nxg7+ Kf8 11. Bd2 Kxg7 12. Rb1 Qa3 13. Nd5 Nxd5 14. Bxd5 e6
15. Rb3 Qa6 16. Bxc6 Qxc6 17. Rc3 Qd7 18. Rd3 Qc6 19. Rxd6 Qc4 20. Qa1+ f6 21.
e5 Kf7 22. Qc3 Qxc3 23. Bxc3 fxe5 24. Bxe5 Re8 25. h4 b6 26. Kf2 Bb7 27. Rd4
Rac8 28. c3 Rc5 29. Re1 Bd5 30. Ra4 Ra8 1/2-1/2

[Event "XXV Miedzynarodowy Turniej im. Tadeusza "]
[Site "Police"]
[Date "2010.07.14"]
[Round "8.13"]
[White "Maniocha, Andrzej"]
[Black "Aglave, Arnaud"]
[Result "0-1"]
[WhiteElo "2211"]
[BlackElo "2086"]
[PlyCount "102"]
[EventDate "2010.??.??"]

1. Nf3 Nf6 2. g3 c6 3. Bg2 g6 4. O-O Bg7 5. d3 d6 6. c4 O-O 7. Nc3 Nbd7 8. Qc2
e5 9. Nh4 Re8 10. f4 exf4 11. Bxf4 Nf8 12. Nf3 Ne6 13. Bd2 d5 14. cxd5 cxd5 15.
Rac1 Bd7 16. Qb3 Bc6 17. Kh1 d4 18. Nd1 Nd5 19. Nf2 Ne3 20. Bxe3 dxe3 21. Nd1
Rc8 22. Kg1 Qa5 23. Nc3 Rc7 24. a3 Bxf3 25. Bxf3 Nd4 26. Qa2 Qe5 27. Kg2 Kh8
28. a4 Rec8 29. a5 h5 30. Rb1 Rd8 31. Qa4 f5 32. Rbc1 Bf6 33. a6 b6 34. Qa2 g5
35. Bb7 h4 36. Nd5 Rxc1 37. Rxc1 Nxe2 38. Re1 h3+ 39. Kxh3 Rxd5 40. Rxe2 Rxd3
41. b4 f4 42. Qf7 Rd8 43. Be4 g4+ 44. Kxg4 Rg8+ 45. Kf3 Rg7 46. Qd5 fxg3 47.
Kxe3 gxh2 48. Rc2 Qg3+ 49. Bf3 h1=Q 50. Rc8+ Kh7 51. Qg8+ Rxg8 0-1

[Event "XXV Miedzynarodowy Turniej im. Tadeusza "]
[Site "Police"]
[Date "2010.07.14"]
[Round "8.14"]
[White "Buczak, Krzysztof"]
[Black "Pawlicz, Adam"]
[Result "1-0"]
[WhiteElo "2153"]
[BlackElo "2039"]
[PlyCount "125"]
[EventDate "2010.??.??"]

1. Nc3 d5 2. f4 Nf6 3. e3 c5 4. Nf3 Nc6 5. Bb5 Bg4 6. h3 Bxf3 7. Qxf3 e6 8.
Bxc6+ bxc6 9. d3 Rb8 10. O-O g6 11. e4 Bg7 12. g4 h5 13. g5 Nd7 14. Kg2 Bd4 15.
Nd1 O-O 16. e5 c4 17. dxc4 a6 18. cxd5 cxd5 19. Qd3 Qb6 20. c3 Bc5 21. b4 Be7
22. Be3 Qb7 23. Bd4 Nb6 24. a4 Nc4 25. a5 Rfc8 26. Nf2 Qd7 27. Rfb1 Rb5 28. Nh1
Rc6 29. Ng3 Qc8 30. Ra2 Qf8 31. Kh1 Qg7 32. Rg1 Qh7 33. Rag2 Bd8 34. Bc5 Rb7
35. Bd4 Rb5 36. Ne2 Rb7 37. Be3 Qg7 38. Nd4 Rc8 39. Ra2 Qf8 40. b5 Nxe3 41.
Qxe3 Qc5 42. b6 Qxc3 43. Qxc3 Rxc3 44. Rc2 Rxc2 45. Nxc2 Be7 46. Rb1 Kf8 47.
Kg2 Ke8 48. Rc1 Kd7 49. Nd4 Bb4 50. Nb3 Be7 51. Kf3 Bf8 52. Ke3 Be7 53. Kd4 Bf8
54. h4 Be7 55. Nc5+ Bxc5+ 56. Rxc5 Kd8 57. Rc6 Rd7 58. Rd6 Kc8 59. Kc5 Re7 60.
Kc6 Re8 61. Rd7 Rf8 62. b7+ Kb8 63. Kb6 1-0

[Event "XXV Miedzynarodowy Turniej im. Tadeusza "]
[Site "Police"]
[Date "2010.07.14"]
[Round "8.17"]
[White "Jacek, Roksana"]
[Black "Maliszewski, Jaroslaw"]
[Result "1-0"]
[WhiteElo "1702"]
[BlackElo "1871"]
[PlyCount "43"]
[EventDate "2010.??.??"]

1. e4 c5 2. c3 d5 3. exd5 Qxd5 4. d4 e5 5. dxe5 Qxe5+ 6. Be3 Nf6 7. Nf3 Qc7 8.
Na3 a6 9. Be2 b5 10. O-O Bd6 11. Bxb5+ Nbd7 12. Be2 Bb7 13. Nc4 Be7 14. Qc1 Nd5
15. Bg5 f6 16. Bh4 Nf4 17. Qe3 Kf7 18. Bg3 g5 19. Rad1 Rae8 20. Rxd7 Nxe2+ 21.
Qxe2 Bxf3 22. Qxf3 1-0

[Event "XXV Miedzynarodowy Turniej im. Tadeusza "]
[Site "Police"]
[Date "2010.07.14"]
[Round "8.18"]
[White "Zschaebitz, Klaus"]
[Black "Leszner, Liliana"]
[Result "0-1"]
[WhiteElo "2084"]
[BlackElo "2137"]
[PlyCount "94"]
[EventDate "2010.??.??"]

1. Nf3 g6 2. d4 Bg7 3. c3 Nf6 4. Nbd2 d5 5. Ne5 O-O 6. e3 Bf5 7. Qb3 b6 8. Bd3
Qc8 9. Qa3 c5 10. O-O Bxd3 11. Nxd3 Nbd7 12. b4 c4 13. Nf4 b5 14. Ne2 Qc7 15.
f4 Qd6 16. Nf3 Ne4 17. Qb2 Nb6 18. Bd2 h6 19. Be1 Qe6 20. Ne5 Kh7 21. h3 f5 22.
Kh2 Na4 23. Qc2 Bf6 24. Ng3 h5 25. Nh1 g5 26. Nf2 gxf4 27. exf4 Nb6 28. Qe2 Kh6
29. Nf3 Qd6 30. Ne5 Bxe5 31. dxe5 Qg6 32. Nd1 Rg8 33. Rf3 Rad8 34. Bh4 Rg7 35.
Ne3 Na4 36. Qc2 Naxc3 37. Nxf5+ Qxf5 38. Rxc3 Qxf4+ 39. g3 Qd2+ 40. Qxd2+ Nxd2
41. Ra3 d4 42. Ra6+ Kh7 43. Rxa7 Nf3+ 44. Kh1 Nxh4 45. gxh4 d3 46. Rc7 d2 47.
Rd1 Rd3 0-1

[Event "XXV Miedzynarodowy Turniej im. Tadeusza "]
[Site "Police"]
[Date "2010.07.14"]
[Round "8.19"]
[White "Metelski, Jerzy"]
[Black "Oleniak, Wlodzimierz"]
[Result "0-1"]
[WhiteElo "1824"]
[BlackElo "1848"]
[PlyCount "24"]
[EventDate "2010.??.??"]

1. e4 e5 2. f4 d5 3. exd5 e4 4. d3 Nf6 5. Nc3 Bf5 6. dxe4 Nxe4 7. Bb5+ c6 8.
Qe2 Bb4 9. Bd2 Bxc3 10. Bxc3 O-O 11. Bd3 Nxc3 12. bxc3 Re8 0-1

[Event "XXV Miedzynarodowy Turniej im. Tadeusza "]
[Site "Police"]
[Date "2010.07.15"]
[Round "9.2"]
[White "Stern, Rene"]
[Black "Malisauskas, Vidmantas"]
[Result "1-0"]
[WhiteElo "2490"]
[BlackElo "2516"]
[PlyCount "77"]
[EventDate "2010.??.??"]

1. d4 Nf6 2. c4 g6 3. Nc3 d5 4. Nf3 Bg7 5. e3 O-O 6. Bd2 c5 7. dxc5 Na6 8. cxd5
Nxc5 9. Bc4 a6 10. a4 Bd7 11. O-O Rc8 12. a5 Nfe4 13. Ra3 Qc7 14. Be2 Rfd8 15.
Nd4 e5 16. dxe6 Bxe6 17. Nxe4 Nxe4 18. Bb4 Bc4 19. Bxc4 Qxc4 20. Bc3 Bf8 21.
Rb3 Qa4 22. Rxb7 Nxc3 23. bxc3 Qxd1 24. Rxd1 Rxc3 25. Rb6 Bc5 26. Rc6 Rd6 27.
Rc8+ Kg7 28. g3 Rf6 29. Ne2 Rc2 30. Nf4 Rf5 31. Rc7 h5 32. h4 Rc3 33. Ne6+ Kh6
34. Rd8 Kh7 35. Ng5+ Kg7 36. Rdd7 Bb4 37. Rxf7+ Rxf7 38. Rxf7+ Kg8 39. Rf6 1-0